<?xml version="1.0" encoding="UTF-8"?>
<marc:record xmlns:marc="http://www.loc.gov/MARC21/slim">
   <marc:leader>00000nam a2200000 a 4500</marc:leader>
   <marc:datafield ind1="1" ind2=" " tag="100">
      <marc:subfield code="a">Gammelin, Cerstin</marc:subfield>
      <marc:subfield code="4">aut</marc:subfield>
      <marc:subfield code="e">Verfasser/-in</marc:subfield>
   </marc:datafield>
   <marc:datafield ind1=" " ind2=" " tag="653">
      <marc:subfield code="a">EU</marc:subfield>
   </marc:datafield>
   <marc:datafield ind1=" " ind2=" " tag="653">
      <marc:subfield code="a">Europäische Union</marc:subfield>
   </marc:datafield>
   <marc:datafield ind1="0" ind2="0" tag="245">
      <marc:subfield code="a">Europas Drahtzieher</marc:subfield>
   </marc:datafield>
   <marc:datafield ind1="0" ind2="0" tag="245">
      <marc:subfield code="b">wer in Brüssel wirklich regiert - Österreich-Ausgabe</marc:subfield>
   </marc:datafield>
   <marc:datafield ind1=" " ind2="1" tag="264">
      <marc:subfield code="b">Econ</marc:subfield>
      <marc:subfield code="c">2014</marc:subfield>
   </marc:datafield>
   <marc:datafield ind1="1" ind2=" " tag="520">
      <marc:subfield code="a">(I-14/08-C3) (GMK ZWs / PL) Nirgendwo wird stärker über unsere Zukunft entschieden als in Brüssel. Staats- und Regierungschefs pokern um Notkredite, Bankenaufsicht und Staatsschulden und setzen so Europaaufs Spiel. Lobbyisten torpedieren Verbraucherschutz und Klimagesetze. Die Korrespondenten Cerstin Gammelin und Raimund Löw schauen seit sechs Jahren in Brüssel hinter dieKulissen. Anhand bislang streng geheimer Protokolle zeigen sie, wie Merkel, Hollande, Cameron, Faymann und Co. bei Krisensitzungen miteinander umgehen und nationale Interessengegeneinander ausspielen. Die Autoren enthüllen, wer die Euro-Krise wodurch verschlimmert hat, wie die Rettungsfonds mit Milliarden gefüllt wurden, wie es zur Absetzung Berlusconiskam und warum es in Europa keinen gemeinsamen Geheimdienst gibt. Rechtzeitig zum Kassensturz in Griechenland und zur Europa-Wahl im Mai 2014 ein erhellender Insider-Report überEuropas Machtzentrale und darüber, wer dort wirklich das Sagen hat. </marc:subfield>
   </marc:datafield>
   <marc:datafield ind1=" " ind2=" " tag="020">
      <marc:subfield code="a">9783430201735</marc:subfield>
      <marc:subfield code="9">9783430201735</marc:subfield>
   </marc:datafield>
</marc:record>
